LEADER 02399 am 2200649 n 450 001 9910496031503321 005 20210526 010 $a2-251-91438-2 024 7 $a10.4000/books.lesbelleslettres.12523 035 $a(CKB)4100000011960954 035 $a(FrMaCLE)OB-lesbelleslettres-12523 035 $a(oapen)https://directory.doabooks.org/handle/20.500.12854/85681 035 $a(PPN)256383928 035 $a(EXLCZ)994100000011960954 100 $a20210623j|||||||| ||| 0 101 0 $afre 135 $auu||||||m|||| 181 $ctxt$2rdacontent 182 $cc$2rdamedia 183 $acr$2rdacarrier 200 10$aEuripide et les légendes des Chants cypriens $eDes origines de la guerre de Troie à l?Iliade /$fFrançois Jouan 210 $aParis $cLes Belles Lettres$d2021 215 $a1 online resource (516 p.) 225 1 $aÉtudes Anciennes 311 $a2-251-32668-5 330 $aQuand débute l?Iliade, la guerre de Troie dure depuis vingt ans. Le récit en avait été fait dans une épopée en douze chants, les Chants Cypriens, aujourd?hui perdue, mais dont un sommaire tardif permet de restituer la trame. Cet immense trésor légendaire a fourni aux poètes tragiques d?Athènes une grande partie des sujets de leurs drames. Parmi eux, c?est surtout chez Euripide, grâce à ses pièces conservées et à son théâtre perdu, qu?on peut le mieux se représenter sous quelles formes s?est opérée cette transmutation de l?épopée au théâtre, dans une cité qui n?a cessé de connaître elle aussi les horreurs de la guerre. 606 $aClassics 606 $aLiterature 606 $aguerre 606 $amythologie 606 $ahéros 606 $atragédie 606 $aHomère 606 $aépopée 606 $aTroie 610 $aguerre 610 $amythologie 610 $ahéros 610 $atragédie 610 $aHomère 610 $aépopée 610 $aTroie 615 4$aClassics 615 4$aLiterature 615 4$aguerre 615 4$amythologie 615 4$ahéros 615 4$atragédie 615 4$aHomère 615 4$aépopée 615 4$aTroie 700 $aJouan$b François$0384884 801 0$bFR-FrMaCLE 906 $aBOOK 912 $a9910496031503321 996 $aEuripide et les légendes des "Chants cypriens$9860556 997 $aUNINA LEADER 02829 am 22006373u 450 001 996540352403316 005 20230621141341.0 010 $a9783495861158$b(PDF ebook) 010 $z9783495487280 035 $a(CKB)3880000000044177 035 $a(OCoLC)958548204 035 $a(oapen)https://directory.doabooks.org/handle/20.500.12854/30972 035 $a(EXLCZ)993880000000044177 100 $a20161219d2016 uy 0 101 0 $ager 135 $aurmn#nnn||||| 181 $ctxt$2rdacontent 182 $cc$2rdamedia 183 $acr$2rdacarrier 200 00$aDilthey als Wissenschaftsphilosoph$fChristian Dambo?ck, Hans-Ulrich Lessing (Hg.) 210 $aFreiburg$cVerlag Karl Alber$d2016 210 1$aFreiburg :$cVerlag Karl Alber,$d2016. 215 $a1 online resource (250 pages) 225 0 $aOpen Access e-Books 225 0 $aKnowledge Unlatched 300 $aProceedings of a conference held June 2013 at the University of Vienna. 311 08$aPrint version: 9783495487280 320 $aIncludes bibliographical references. 330 $aDieser Band vereinigt die Beitra?ge einer im Juni 2013 am Institut Wiener Kreis der Universita?t Wien stattgefundenen Tagung, deren Ziel es gewesen ist, die Rolle Diltheys als Wissenschaftsphilosoph zu beleuchten, vor dem Hintergrund der in den letzten Jahrzehnten in der Dilthey-Forschung erarbeiteten Befunde, die Dilthey tendenziell von dem Bild einer rein "kontinentalen" Philosophie der Hermeneutik des Lebens weg geru?ckt haben. 330 $aThis volume contains the contributions to a conference at the Institute Vienna Circle of the University of Vienna in June 2013 that aimed at examining Dilthey's work as a philosopher of science in the light of the results of the last decades' Dilthey research that have moved him further away from the idea of a merely "continental" philosophy of the hermeneutics of life. 606 $aHermeneutics$vCongresses 606 $aScience$xPhilosophy$vCongresses 606 $aHumanities$xPhilosophy$vCongresses 610 $aDilthey 610 $aPhilosophy of Science 610 $a19th century philosophy 610 $aWissenschaftsphilosophie 610 $aPhilosophie des 19. Jahrhunderts 610 $aGeisteswissenschaft 610 $aImmanuel Kant 610 $aMetaphysik 610 $aNaturwissenschaft 610 $aWilhelm Dilthey 615 0$aHermeneutics 615 0$aScience$xPhilosophy 615 0$aHumanities$xPhilosophy 676 $a100 700 $aDamböck$b Christian$4auth$0978318 702 $aDambo?ck$b Christian 702 $aLessing$b Hans-Ulrich$f1953-, 801 0$bAuAdUSA 801 1$bAuAdUSA 801 2$bUkMaJRU 912 $a996540352403316 996 $aDilthey als Wissenschaftsphilosoph$93402954 997 $aUNISA